Handbuch der Krankheiten des Nervensystems II. Bd. 12/2. /
Elmentve itt :
| Szerző: | |
|---|---|
| Dokumentumtípus: | Cikk |
| Megjelent: |
1875
|
| Sorozat: | Kolligátum
|
| Kulcsszavak: | Patológia - tankönyv |
| Online Access: | http://misc.bibl.u-szeged.hu/24140 |
| LEADER | 00563nab a2200169 i 4500 | ||
|---|---|---|---|
| 001 | misc24140 | ||
| 005 | 20191111110722.0 | ||
| 008 | 170911s1875 hu o 0|| zxx d | ||
| 040 | |a SZTE Miscellanea Repozitórium |b hun | ||
| 041 | |a zxx | ||
| 100 | 1 | |a Eulenburg Albert | |
| 245 | 1 | 0 | |a Handbuch der Krankheiten des Nervensystems II. |h [elektronikus dokumentum] : |b Bd. 12/2. / |c Eulenburg Albert |
| 260 | |c 1875 | ||
| 300 | |a 1-8 | ||
| 490 | 0 | |a Kolligátum | |
| 695 | |a Patológia - tankönyv | ||
| 856 | 4 | 0 | |u http://misc.bibl.u-szeged.hu/24140/1/010_024_001-008.pdf |z Dokumentum-elérés |